Open Data Biblioteca Nacional de Portugal


República Portuguesa: Ministério da Cultura
Biblioteca Nacional de Portugal

Catálogo da BNP: acesso por Identificadores Unívocos
Registos Bibliográficos associados ao registo de autoridade

Etiqueta de registo: 00230nam 2200025 450
001 1367940
003 http://id.bnportugal.gov.pt/bib/catbnp/1367940
010 ## $a972-8805-05-5
021 ## $aPT$b207908/04
100 ## $a20060411d2004 m y0pory01030103ba
101 0# $apor
102 ## $aPT
105 ## $aa j 001yy
106 ## $ar
200 1# $aHortas pedagógicas$eda semente ao fruto$ecaderno do professor$fAna Paula Correia, Teresa Maria Fonseca$gcoord. Maria Helena Caldeira$gcolab. José Dias Pereira
210 #9 $aCoimbra$cExploratório-Centro de Ciência Viva de Coimbra,$d2004
215 ## $a57 p.$cil.$d30 cm
225 2# $aExplorando...
606 ## $aHorticultura$x[Manuais do professor]$2SIPOR$31262874
675 ## $a635.1/.8(072)$vBN$zpor$31262880
675 ## $a371.3(072)$vBN$zpor$31237791
675 ## $a373.3(072)$vBN$zpor$31262881
700 #1 $aCorreia,$bAna Paula$31236525
701 #1 $aFonseca,$bTeresa Maria$4070$31165143
702 #1 $aPereira,$bJosé Clemente Sanches Dias$4205$31048240
702 #1 $aCaldeira,$bM. Helena$4340$3227775
801 #0 $aPT$bBN$gRPC
900 ## $aBIBNAC$d20130602
966 ## $lBN$mFGMON$sS.A. 113471 V.$x1
966 ## $lBN$mFGMON$sS.A. 113471 V.-D $x1

Etiqueta de registo: 00000nkm 2200025 450
001 2276436
003 http://id.bnportugal.gov.pt/bib/catbnp/2276436
100 ## $a20260305d1989 m y0pory01030103ba
101 0# $apor
102 ## $aPT
200 1# $aHá produtos químicos perigosos, Minimize os seus riscos, leia o rótulo com cuidado$bVisual gráfico]$fDirecção-Geral da Qualidade do Ambiente$gDesign - Ana Paula Correia
210 #9 $a[Lisboa]$cDirecção-Geral da Qualidade do Ambiente,$d1989$e[Maia] :$gMaiadouro)
215 ## $a1 cartaz$ccolor.$d63x45 cm
317 ## $aColeção Madeira Luís
702 #1 $aCorreia,$bAna Paula$4410$31236525
710 02 $aDirecção-Geral da Qualidade do Ambiente$31987923
801 #0 $aPT $bBN $gRPC
966 ## $lBN$mICONOG$sCT. 23430 A.$x3
971 ## $cCaticonografia1$d20260305
995 ## $aPRR2026

OpendataBNP@bnportugal.pt | Mais informação sobre acesso aos dados BNP